Dividendová politika verejne obchodovaných spoločností bakalárska práca

Na minha lista:
Detalhes bibliográficos
Autor principal: Putnocký, Július
Autor Corporativo: Podnikovohospodárska fakulta EU so sídlom v Košiciach. Katedra obchodného podnikania
Outros Autores: Zuzik, Jozef, 1985-
Formato: Livro
Idioma:eslovaco
Publicado em: Košice 2025
Tags: Adicionar Tag
Sem tags, seja o primeiro a adicionar uma tag!

MARC

LEADER 00000nbm a2200000 4500
001 0310919
005 20260203130215.2
041 0 |a slo 
044 |a SK 
245 1 0 |a Dividendová politika verejne obchodovaných spoločností  |b bakalárska práca  |c Július Putnocký ; školiteľ: Jozef Zuzik 
264 1 |a Košice  |c 2025 
300 |a 51 s. 
100 1 |a Putnocký, Július 
700 1 |a Zuzik, Jozef, 1985- 
710 2 |a Podnikovohospodárska fakulta EU so sídlom v Košiciach. Katedra obchodného podnikania